000 02903nam0a22005411 4500
001 RU\NLR\bibl\474469
005 20260407071746.0
010 _a5-8192-0161-2
_91000
021 _aRU
_b2003-73751
_93652
035 _a(NLR Aleph) 000467535
090 _a972844
_c972844
100 _a20031222d2003 |||y0rusy50 ca
101 0 _arus
102 _aRU
105 _aa |||||||||
135 _acrmn mmmapada
200 1 _aПубличная библиотека глазами современников (1917-1929)
_eХрестоматия
_fЦ.И. Грин, А.М. Третьяк
_gРос. нац. б-ка
210 _aСПб.
_cРос. нац. б-ка
_d2003
215 _a624 с.
_cил., портр.
_d21
320 _aБиблиогр. в тексте
320 _aИмен. указ.: с. 543-588
325 _aКопия доступна в Электрон. б-ке РНБ http://vivaldi.nlr.ru/bx000070409/view
601 0 2 _aРоссийская национальная библиотека
_cСанкт-Петербург, город
_jХрестоматии
_xИстория
_z1917 - 1929
_92313577
_3RU\NLR\auth\661384507
686 _aЧ734(2)711.12
700 1 _4070
_8rus
_7ca
_aГрин
_bЦ. И.
_f1921-2004
_gЦилия Иосифовна
_3RU\NLR\auth\775842
_9115801
701 1 _4070
_8rus
_7ca
_aТретьяк
_bА. М.
_gАлина Михайловна
_3RU\NLR\auth\775843
_9115802
712 0 2 _4570
_aПубличная библиотека им. М. Е. Салтыкова-Щедрина
_cЛенинград
_3RU\NLR\AUTH\88594
_9272032
801 0 _aRU
_bNLR
_c20031222
_gPSBO
801 1 _aRU
_bNLR
_c20031222
852 _aNLR
_bОЛСАА-сл-спр
_j2-4622
852 _aNLR
_bФБ
_jБ 6040/Г-85
852 _aNLR
_bОНЛ
_jЛ1 Ч734(2)711.12/Г-850
852 _aNLR
_bОНЛ
_jМК-1483
852 _aNLR
_bОНЛ
_jМК-1487
852 _aNLR
_bОНЛ
_jобм 2021/237
856 0 _uhttp://vivaldi.nlr.ru/bx000070409/view
856 1 _uhttp://vivaldi.nlr.ru/bx000070409/cover
856 2 _uhttp://vivaldi.nlr.ru/bx000070409/text
942 _cBOOK
980 _aNB
980 1 _aSL_SPR
981 4 3 _a(43) Тематическая подборка Санкт-Петербург
_b(43) Библиотеки
981 1 8 _a(18) Планета РНБ
_b(18) Труды сотрудников РНБ
981 1 8 _a(18) Планета РНБ
_b(18) История Императорской Публичной библиотеки